Avrupa Birliği bakanı ve başmüzakereci Egemen Bağış'ın 2012 Türkiye ilerleme raporuna ilişkin değerlendirmesi (Record no. 10443)

MARC details
000 -BAŞLIK
Sabit Uzunlukta Kontrol Alanı 00729na a2200205 4500
001 - KONTROL NUMARASI
Denetim Alanı 23579
003 - KONTROL NUMARASI IDENTIFIER
Denetim Alanı MIRAKIL
005 - SON İŞLEM TARİHİ VE ZAMANI
Denetim Alanı 20181213155322.0
008 - SABİT-BOY VERİ ELEMANLARI - GENEL BİLGİLER
Sabit Uzunlukta Kontrol Alanı 180109b tu 000 0
020 ## - ULUSLARARASI STANDART KİTAP NUMARASI
Uluslararası Standart Kitap Numarası 9786055197032
040 ## - KATALOGLAMA KAYNAK
Orijinal Kataloglama Ajansı Milas
Kataloglama Dili tur
Metne Dönüştürmek Ajansı TR-AnCHP
041 ## - DİL KODU
Metin / Ses Parça Veya Ayrı Başlığın Dil Kodu tur
-- eng
082 ## - DEWEY ONLU SINIFLANDIRMA NUMARASI
Sınıflandırma Numarası 327.56104
Ürün Numarası A86 2012
090 ## - SINIFLAMA NUMARASI
Sınıflama Numarası 327.56104 A86 2012
245 ## - BAŞLIK TABLOSU
Başlık Avrupa Birliği bakanı ve başmüzakereci Egemen Bağış'ın 2012 Türkiye ilerleme raporuna ilişkin değerlendirmesi
Sorumluluk Tablosu, Vb Türkiye Cumhuriyeti Avrupa Birliği Bakanlığı
260 ## - YAYIN, DAĞITIM, VB
Yayın, Dağıtım, Vb Yeri Ankara
Yayıncı, Dağıtıcı, Vs Adı Türkiye Cumhuriyeti Avrupa Birliği Bakanlığı
Yayın, Dağıtım, Vb Tarihi 2012
300 ## - FİZİKSEL TANIM
Kapsam 94 s.
Boyutlar 23 sm.
650 ## - KONU KATMA GİRİŞ - TOPİKAL DÖNEM
Topikal Süreli Veya Coğrafi Ad Giriş Elemanı Türkiye
Genel Alt Bölümü Uluslararası ilişkiler
-- Avrupa Birliği
942 ## - EKLENDİ GİRİŞ ELEMANLARI (KOHA)
Sınıflandırma Veya Raf Düzeni Kaynak
Koha Öğesi Türü Books
999 ## - SİSTEM KONTROL NUMARALARI (KOHA)
Koha Biblionumber 10443
Koha Biblioitemnumber 10443
Holdings
Kalıcı Konum Mevcut Konum Edinme Tarihi Edinim Kaynak Toplam Check-Out'Lar Tam Çağrı Numarası Barkod Tarih Son Görülme İtibaren Geçerli Fiyatlar Koha Öğesi Türü
CHP Kütüphanesi CHP Kütüphanesi 11/03/2017 Bağış   327.56104 A86 2012 017563 11/03/2017 11/03/2017 Books